|
|
|
|
| LEADER |
00000nab a2200000 a 4500 |
| 001 |
vtls001015745 |
| 003 |
SK-MaSNL |
| 005 |
20260305040223.0 |
| 008 |
190318e19710729xo 0 slo |
| 035 |
|
|
|a SN1697
|
| 040 |
|
|
|a SNSK
|b slo
|c SNSK
|e AACR2
|
| 041 |
0 |
|
|a slo
|
| 044 |
|
|
|a xo
|c SK
|
| 080 |
|
|
|a 338.45
|2 1981
|
| 080 |
|
|
|a 687.1/.4
|2 1981
|
| 100 |
1 |
|
|a Valko, Jozef
|4 aut
|9 349202
|
| 245 |
1 |
0 |
|a Pozornosť vede a technike
|
| 610 |
2 |
7 |
|a Vzorodev (Spišské Podhradie, Slovensko)
|2 SNSK
|9 161814
|
| 610 |
2 |
7 |
|a Železorudné bane, Rudňany
|2 SNSK
|9 1020573
|
| 650 |
0 |
7 |
|a priemyselná výroba
|2 SNSK
|9 72943
|
| 651 |
|
7 |
|a Spišská Nová Ves (Slovensko : okres)
|2 SNSK
|9 22259
|
| 651 |
|
7 |
|a Baldovce (Slovensko)
|2 SNSK
|9 57180
|
| 651 |
|
7 |
|a Spišské Podhradie (Slovensko)
|2 SNSK
|9 26697
|
| 651 |
|
7 |
|a Hrabušice (Slovensko)
|2 SNSK
|9 31254
|
| 651 |
|
7 |
|a Rudňany (Slovensko)
|2 SNSK
|9 55588
|
| 651 |
|
7 |
|a SN,
|2 SNSK
|9 1021277
|
| 655 |
|
7 |
|a periodikum
|2 snkbucl
|9 29553
|
| 710 |
2 |
|
|a Vzorodev (Spišské Podhradie, Slovensko)
|4 aut
|9 161814
|
| 710 |
2 |
|
|a Železorudné bane, Rudňany
|4 aut
|9 1020573
|
| 773 |
0 |
8 |
|t Spišské hlasy
|g Roč. 22, č.30, 29.7.1971, s. 3
|
| 852 |
|
|
|a ZVYKNI
|b KIS3GCP
|
| 999 |
|
|
|c 3337310
|d 3339240
|